Southville International School and Colleges
Your cart is empty.
  • Cart
  • Lists
    Public lists Eva Luna New books Lux_list list_1
    Your lists Log in to create your own lists
  • Log in to your account
  • Your cookies
  • Search history
Southville International School and Colleges
  • Advanced search
  • Recent comments
  • Most popular
  • Libraries

Log in to your account

Log in with GOOGLE


If you do not have an external account, but do have a local account, you can still log in:

  1. Home
  2. MARC view: The wolfling :
Normal view MARC view ISBD view

The wolfling : (Record no. 34628)

[ view plain ]
MARC details
000 -LEADER
fixed length control field 00932cam a2200313 4500
001 - CONTROL NUMBER
control field 3126529
003 - CONTROL NUMBER IDENTIFIER
control field OSt
005 - DATE AND TIME OF LATEST TRANSACTION
control field 20140407141428.0
008 - FIXED-LENGTH DATA ELEMENTS--GENERAL INFORMATION
fixed length control field 690806s1969 nyua b 000 1 eng
010 ## - LIBRARY OF CONGRESS CONTROL NUMBER
LC control number 70077916
020 ## - INTERNATIONAL STANDARD BOOK NUMBER
International Standard Book Number 0590418688
040 ## - CATALOGING SOURCE
Original cataloging agency DLC
Transcribing agency DLC
Modifying agency DLC
050 00 - LIBRARY OF CONGRESS CALL NUMBER
Classification number PZ 10.3
Item number .N76Wo 1969
082 00 - DEWEY DECIMAL CLASSIFICATION NUMBER
Classification number 813/.5/2
100 1# - MAIN ENTRY--PERSONAL NAME
Personal name North, Sterling,
Dates associated with a name 1906-1974.
9 (RLIN) 28225
245 14 - TITLE STATEMENT
Title The wolfling :
Remainder of title a documentary novel of the eighteen-seventies /
Statement of responsibility, etc Sterling North
250 ## - EDITION STATEMENT
Edition statement [1st ed.]
260 ## - PUBLICATION, DISTRIBUTION, ETC. (IMPRINT)
Place of publication, distribution, etc New York,
Name of publisher, distributor, etc Scholastic Inc.
Date of publication, distribution, etc 1969.
300 ## - PHYSICAL DESCRIPTION
Extent 250 p. :
Dimensions 22 cm.
350 ## - PRICE (NR) (BK AM CF MU VM SE) [OBSOLETE]
Price 5.95
504 ## - BIBLIOGRAPHY, ETC. NOTE
Bibliography, etc Bibliographical references included in "Documentary notes" (p. [205]-222)
521 ## - TARGET AUDIENCE NOTE
Target audience note
526 ## - STUDY PROGRAM INFORMATION NOTE
Reading level 910
655 #7 - INDEX TERM--GENRE/FORM
Genre/form data or focus term Historical fiction.
Source of term gsafd
9 (RLIN) 2926
700 1# - ADDED ENTRY--PERSONAL NAME
Personal name Schoenherr, John,
Relator term illus.
9 (RLIN) 28226
906 ## - LOCAL DATA ELEMENT F, LDF (RLIN)
a 7
b cbc
c orignew
d u
e ncip
f 19
g y-gencatlg
942 ## - ADDED ENTRY ELEMENTS (KOHA)
Source of classification or shelving scheme Library of Congress Classification
Koha item type Books
Holdings
Withdrawn status Lost status Source of classification or shelving scheme Damaged status Home library Current library Shelving location Date acquired Total Checkouts Full call number Barcode Date last seen Copy number Price effective from Koha item type
    Library of Congress Classification   Luxembourg Library Luxembourg Library Scholastic Reading Center Section 10/11/2013   PZ 10.3 .N76Wo 1969 LEX0368 04/18/2017 1 10/11/2013 Books

The wolfling :

APA

North S., Schoenherr J., . (1969). The wolfling. New York: Scholastic Inc.

Chicago

North Sterling, Schoenherr John, . 1969. The wolfling. New York: Scholastic Inc.

Harvard

North S., Schoenherr J., . (1969). The wolfling. New York: Scholastic Inc.

MLA

North Sterling, Schoenherr John, . The wolfling. New York: Scholastic Inc. 1969.

  • Place hold
  • Print
  • Cite
  • Add to your cart (remove)
  • Save record
    BIBTEX Dublin Core MARCXML MARC (non-Unicode/MARC-8) MARC (Unicode/UTF-8) MARC (Unicode/UTF-8, Standard) MODS (XML) RIS
  • More searches
    Search for this title in:
    Other Libraries (WorldCat) Other Databases (Google Scholar) Online Stores (Bookfinder.com) Open Library (openlibrary.org)

Exporting to Dublin Core...

SOUTHVILLE LIBRARY

Southville International School and Colleges Library

1281 Tropical Ave. Cor. Luxembourg St., BF Homes International, Las Pinas City

Tel. No. 8256374 / 252358 Loc. 117/146

Powered by Koha